Normal view
MARC view
- Atkins, Ruth
Entry Personal Name
001 - CONTROL NUMBER
- control field: 85738
003 - CONTROL NUMBER IDENTIFIER
- control field: NUST
005 - DATE AND TIME OF LATEST TRANSACTION
- control field: 20211206115551.0
008 - FIXED-LENGTH DATA ELEMENTS
- fixed length control field: 211206|| aca||aabn | a|a d
040 ## - CATALOGING SOURCE
- Original cataloging agency: NUST
- Transcribing agency: NUST
100 ## - HEADING--PERSONAL NAME
- Personal name: Atkins, Ruth
- Fuller form of name: (Ruth Dawn)
670 ## - SOURCE DATA FOUND
- Source citation: Work cat.: (NUST)0: Macdonald, Elizabeth (Professor of law), author. 85736, Koffman & Macdonald's law of contract /
